[Event "Ch Colombia (juniors) (under 18)"]
[Site "masterchessopen.com Medellin (Colombia)"]
[Date "2009.12.16"]
[Round "4"]
[White "Ayala Javier Mateo"]
[Black "Dominguez Oscar (COL)"]
[Result "0-1"]
[WhiteElo "2055"]
[BlackElo "1755"]

1.d4 Nf6 2.c4 g6 3.Nc3 Bg7 4.e4 d6 5.Nf3 O-O 6.Be2 e5 7.O-O Nc6 8.d5 Ne7 9.b4
Nh5 10.Re1 f5 11.h3 h6 12.Nh2 Nf4 13.Bf1 g5 14.g3 Nfg6 15.Qh5 f4 16.a3 Kh7
17.Ra2 Ng8 18.Qe2 Qe7 19.Rc2 Bd7 20.Nb5 c6 21.dxc6 bxc6 22.Nc3 Nf6 {#R} 0-1

[Event "Ch Croatia (team) (2nd league)"]
[Site "masterchessopen.com Croatia"]
[Date "2005.05.15"]
[Round "5"]
[White "Soldo Robert (CRO)"]
[Black "Cop Tomislav (CRO)"]
[Result "0-1"]
[WhiteElo "2162"]
[BlackElo "2214"]

1.Nf3 Nf6 2.c4 g6 3.Nc3 Bg7 4.e4 d6 5.d4 O-O 6.Be2 e5 7.O-O Nc6 8.d5 Ne7 9.b4
Nh5 10.Re1 a5 11.Ba3 Nf4 12.Bf1 axb4 13.Bxb4 Bg4 14.c5 f5 15.h3 Bh5 16.g3 fxe4
17.gxf4 Bxf3 18.Qc2 Rxf4 19.cxd6 cxd6 20.Nxe4 Nf5 21.Bd2 Nd4 22.Qd3 Bxe4
23.Rxe4 Nf3+ {#R} 0-1

[Event "Ch Croatia (team) (2nd league)"]
[Site "masterchessopen.com Croatia"]
[Date "2006.04.01"]
[Round "1"]
[White "Savic Miroslav (CRO)"]
[Black "Ledinko Zvonimir (CRO)"]
[Result "1-0"]
[WhiteElo "2238"]
[BlackElo "2123"]

1.Nf3 Nf6 2.c4 g6 3.Nc3 Bg7 4.e4 d6 5.d4 O-O 6.Be2 e5 7.O-O Nc6 8.d5 Ne7 9.b4
a5 10.bxa5 Rxa5 11.Nd2 Nd7 12.Nb3 Ra8 13.Be3 f5 14.f3 f4 15.Bf2 b6 16.a4 g5
17.a5 bxa5 18.Nxa5 Nf6 19.c5 Rf7 20.Qb3 Qf8 21.Nc6 Rxa1 22.Rxa1 Bd7 23.Nb5 Qc8
24.cxd6 Nxc6 25.dxc6 Be6 26.d7 {#r} 1-0

[Event "Ch Denmark (team) 2010/11"]
[Site "masterchessopen.com Denmark"]
[Date "2011.01.15"]
[Round "4"]
[White "Pedersen Steffen (DEN)"]
[Black "Willumsen Henrik (DEN)"]
[Result "1-0"]
[WhiteElo "2431"]
[BlackElo "2202"]

1.d4 Nf6 2.Nf3 g6 3.c4 Bg7 4.Nc3 O-O 5.e4 d6 6.Be2 e5 7.O-O Nc6 8.d5 Ne7 9.b4
a5 10.Ba3 Nh5 11.c5 Nf4 12.Nd2 Bh6 13.Nc4 axb4 14.Bxb4 Ra6 15.cxd6 cxd6 16.Nb5
Nxg2 17.Kxg2 Qd7 18.Bd2 Bf4 19.Bxf4 exf4 20.Qb3 f3+ 21.Bxf3 Qh3+ 22.Kg1 {#r}
1-0

[Event "Ch Europe"]
[Site "masterchessopen.com Batumi (Georgia)"]
[Round "4"]
[White "Mareck Sascha (GER)"]
[Black "Babaev Rashad (AZE)"]
[Result "0-1"]
[WhiteElo "2176"]
[BlackElo "2406"]

1.d4 Nf6 2.c4 g6 3.Nc3 Bg7 4.e4 d6 5.Be2 O-O 6.Nf3 e5 7.O-O Nc6 8.d5 Ne7 9.b4
a5 10.Ba3 axb4 11.Bxb4 Nd7 12.Nd2 f5 13.a4 Bh6 14.Nb3 Nf6 15.Bd3 f4 16.f3 c5
17.dxc6 Qb6+ {#R} 0-1

[Event "Ch Europe (active) (w)"]
[Site "masterchessopen.com Gaziantep (Turkey)"]
[Date "2012.03.16"]
[Round "7"]
[White "Muzychuk Mariya (UKR)"]
[Black "Bodnaruk Anastasia (RUS)"]
[Result "0-1"]
[WhiteElo "2483"]
[BlackElo "2419"]

1.d4 Nf6 2.c4 g6 3.Nc3 Bg7 4.e4 d6 5.Nf3 O-O 6.Be2 e5 7.O-O Nc6 8.d5 Ne7 9.b4
a5 10.Ba3 axb4 11.Bxb4 Nd7 12.Nd2 f5 13.f3 Bh6 14.Nb3 Be3+ 15.Kh1 b6 16.a4 f4
17.a5 bxa5 18.Bxa5 Rxa5 19.Rxa5 Nf6 20.g4 fxg3 21.hxg3 Nh5 22.Kg2 Nxg3 23.Rh1
Nc6 24.dxc6 Qg5 25.Qd5+ Kh8 26.Nd1 Nxh1+ {#R} 0-1

[Event "Ch Europe (juniors) (under 12)"]
[Site "masterchessopen.com Prague (Czech Republic)"]
[Date "2012.08.22"]
[Round "6"]
[White "Temizkan Denizcan"]
[Black "Vykouk Jan"]
[Result "0-1"]
[WhiteElo "1794"]
[BlackElo "1966"]

1.d4 Nf6 2.c4 g6 3.Nc3 Bg7 4.e4 O-O 5.Nf3 d6 6.Be2 e5 7.O-O Nc6 8.d5 Ne7 9.b4
c6 10.Ba3 cxd5 11.cxd5 Bh8 12.b5 Ne8 13.Nd2 {#R} 0-1

[Event "Ch Europe (juniors) (under 14)"]
[Site "masterchessopen.com Tallinn (Estonia)"]
[Round "6"]
[White "Guseinov Elmir (AZE)"]
[Black "Voracek Miroslav (CZE)"]
[Result "1-0"]
[WhiteElo "2429"]
[BlackElo "2210"]

1.d4 Nf6 2.c4 g6 3.Nc3 Bg7 4.e4 d6 5.Nf3 O-O 6.Be2 e5 7.O-O Nc6 8.d5 Ne7 9.b4
a5 10.Ba3 axb4 11.Bxb4 b6 12.a4 Ne8 13.Qb3 f5 14.a5 bxa5 15.Rxa5 Rxa5 16.Bxa5
h6 17.Qb8 Qd7 {#r} 1-0

[Event "Ch Europe (juniors) (under 16)"]
[Site "masterchessopen.com Albena (Bulgaria)"]
[Date "2011.09.11"]
[Round "1"]
[White "Nenezic Marko (SRB)"]
[Black "Taichman Ori (ISR)"]
[Result "0-1"]
[WhiteElo "2274"]
[BlackElo "2072"]

1.Nf3 Nf6 2.c4 g6 3.Nc3 Bg7 4.e4 d6 5.d4 O-O 6.Be2 e5 7.O-O Nc6 8.d5 Ne7 9.b4
Ne8 10.c5 f5 11.Nd2 Nf6 12.f3 f4 13.Nc4 g5 14.a4 Ng6 15.Ba3 Rf7 16.b5 dxc5
17.Bxc5 h5 18.a5 g4 19.b6 g3 20.Kh1 Bf8 21.Bxf8 Nxe4 22.Bc5 Nxc5 {#R} 0-1

[Event "Ch Europe (juniors) (under 16)"]
[Site "masterchessopen.com Urgup (Turkey)"]
[Date "2004.08.02"]
[Round "5"]
[White "Bykhovsky Anatoly (ISR)"]
[Black "Pancevski Filip (MKD)"]
[Result "0-1"]
[WhiteElo "2254"]
[BlackElo "2334"]

1.d4 Nf6 2.c4 g6 3.Nc3 Bg7 4.e4 d6 5.Nf3 O-O 6.Be2 e5 7.O-O Nc6 8.d5 Ne7 9.b4
a5 10.Ba3 axb4 11.Bxb4 Nd7 12.Rb1 Bh6 13.a4 Kh8 14.Nd2 f5 15.a5 Rf7 16.Bf3 Ng8
17.Nb3 Bf8 18.Qc2 Nh6 19.Nb5 Nf6 20.c5 dxc5 21.Bxc5 Nxe4 22.Bxe4 {#R} 0-1

[Event "Ch Europe (juniors) (under 18) (g)"]
[Site "masterchessopen.com Herceg Novi (Montenegro)"]
[Date "2006.09.14"]
[Round "5"]
[White "Yelmarova Natavan (AZE)"]
[Black "Carlsen Ellen Oen (NOR)"]
[Result "1-0"]
[WhiteElo "1789"]
[BlackElo "1896"]

1.d4 Nf6 2.c4 g6 3.Nc3 Bg7 4.e4 d6 5.Nf3 O-O 6.Be2 e5 7.O-O Nc6 8.d5 Ne7 9.b4
Ne8 10.Nd2 f5 11.f3 Nf6 12.c5 f4 13.Nc4 a6 14.cxd6 cxd6 15.b5 b6 16.a4 Ra7
17.a5 bxa5 18.b6 Rb7 19.Ba3 Ne8 20.Qa4 Rxb6 21.Qxa5 {#r} 1-0

[Event "Ch Europe (team)"]
[Site "masterchessopen.com Batumi (Georgia)"]
[Round "7"]
[White "Delchev Aleksander (BUL)"]
[Black "Babula Vlastimil (CZE)"]
[Result "1-0"]
[WhiteElo "2521"]
[BlackElo "2567"]

1.d4 Nf6 2.c4 g6 3.Nc3 Bg7 4.e4 d6 5.Nf3 O-O 6.Be2 e5 7.O-O Nc6 8.d5 Ne7 9.b4
Nh5 10.Re1 Nf4 11.Bf1 h6 12.c5 f5 13.Bxf4 exf4 14.e5 g5 15.exd6 cxd6 16.Nd4
Be5 17.cxd6 Ng6 18.Ne6 Bxe6 19.dxe6 Qxd6 20.Qb3 Rfc8 21.Nb5 Qb6 22.Rad1 Kh8
23.Rxe5 Nxe5 24.Rd6 {#r} 1-0

[Event "Ch Europe (team)"]
[Site "masterchessopen.com Leon (Spain)"]
[Round "2"]
[White "Quinn Mark (IRL)"]
[Black "Shirov Alexei (ESP)"]
[Result "0-1"]
[WhiteElo "2387"]
[BlackElo "2706"]

1.Nf3 Nf6 2.c4 g6 3.Nc3 Bg7 4.e4 d6 5.d4 O-O 6.Be2 e5 7.O-O Nc6 8.d5 Ne7 9.b4
Nh5 10.Re1 f5 11.Ng5 Nf6 12.f3 Nh5 13.g3 Bf6 14.Ne6 Bxe6 15.dxe6 f4 16.g4 Ng7
17.Qb3 Nc6 18.c5 Kh8 19.Bb2 Nd4 20.Qd5 Ngxe6 21.cxd6 c6 22.Qc4 Qxd6 23.b5 Rac8
24.bxc6 Rxc6 25.Qd3 Nxe2+ 26.Qxe2 Rxc3 {#R} 0-1

[Event "Ch Europe (team) (juniors) (under 18)"]
[Site "masterchessopen.com Balatonlelle (Hungary)"]
[Round "3"]
[White "Esen Baris (TUR)"]
[Black "Kalata Peter (SVK)"]
[Result "1-0"]
[WhiteElo "2181"]
[BlackElo "2157"]

1.d4 Nf6 2.Nf3 g6 3.c4 Bg7 4.Nc3 d6 5.e4 O-O 6.Be2 e5 7.O-O Nc6 8.d5 Ne7 9.b4
Ne8 10.c5 f5 11.Ng5 Nf6 12.Bf3 fxe4 13.Ngxe4 Nf5 14.cxd6 cxd6 15.Nxf6+ Bxf6
16.Ne4 Qb6 17.Rb1 Bd7 18.Bg4 Rac8 19.Qb3 Nd4 20.Qh3 Qa6 21.Bxd7 Ne2+ 22.Kh1
Qxa2 23.Bh6 Rc2 24.Qe6+ Kh8 25.Bxf8 {#r} 1-0

[Event "Ch Euskadi"]
[Site "masterchessopen.com Euskadi (Spain)"]
[Round "1"]
[White "Nava Pereda Carlos (ESP)"]
[Black "Arce Balluerca Jorge (ESP)"]
[Result "1-0"]
[WhiteElo "2320"]
[BlackElo "2149"]

1.d4 Nf6 2.c4 g6 3.Nc3 Bg7 4.e4 d6 5.Nf3 O-O 6.Be2 Nc6 7.O-O e5 8.d5 Ne7 9.b4
a5 10.Ba3 axb4 11.Bxb4 Nd7 12.a4 Bh6 13.Nd2 f5 14.Bf3 b6 15.a5 Nc5 16.Nb3 fxe4
17.Bxe4 Nxe4 18.Nxe4 Rf4 19.Re1 Bf5 20.axb6 Rxa1 21.Qxa1 Rxe4 22.b7 Rxe1+
23.Bxe1 Nc8 24.b8=Q Qh4 25.Bd2 Bf8 26.Qxc7 {#r} 1-0

[Event "Ch Finland (team) 2005/06"]
[Site "masterchessopen.com Finland"]
[Date "2006.02.11"]
[Round "7"]
[White "Maki-Uuro Miikka (FIN)"]
[Black "Lampen Timo (FIN)"]
[Result "1-0"]
[WhiteElo "2392"]
[BlackElo "2332"]

1.Nf3 Nf6 2.c4 g6 3.Nc3 Bg7 4.e4 d6 5.d4 O-O 6.Be2 e5 7.O-O Nc6 8.d5 Ne7 9.b4
Nh5 10.Re1 f5 11.Ng5 Nf6 12.Bf3 h6 13.Ne6 Bxe6 14.dxe6 c6 15.b5 Ne8 16.Ba3
fxe4 17.Bxe4 Rf6 18.bxc6 bxc6 19.Rb1 Rxe6 20.Qa4 Qc8 21.Red1 Bf8 22.Rd3 Rf6
23.Bf3 Qe6 24.Rb7 Rf4 {#r} 1-0

[Event "Ch France (accession)"]
[Site "masterchessopen.com Aix les Bains (France)"]
[Round "1"]
[White "Bailet Pierre (FRA)"]
[Black "Robin Samy (FRA)"]
[Result "0-1"]
[WhiteElo "2195"]
[BlackElo "2355"]

1.d4 Nf6 2.Nf3 g6 3.c4 Bg7 4.Nc3 d6 5.e4 O-O 6.Be2 e5 7.O-O Nc6 8.d5 Ne7 9.b4
Ne8 10.c5 f5 11.Ng5 f4 12.Bb2 Nf5 13.Ne6 Bxe6 14.dxe6 Nd4 15.Bc4 Kh8 16.Nb5
Nxb5 17.Bxb5 f3 18.Re1 Qe7 19.Re3 fxg2 20.Bc4 Nf6 21.cxd6 cxd6 22.b5 Bh6
23.Re1 Nh5 24.Ba3 Qh4 {#R} 0-1

[Event "Ch France (juniors)"]
[Site "masterchessopen.com Aix les Bains (France)"]
[Date "2009.04.20"]
[Round "3"]
[White "Sartre Guilhem (FRA)"]
[Black "Feryn Benjamin (FRA)"]
[Result "1-0"]
[WhiteElo "1677"]
[BlackElo "1954"]

1.d4 Nf6 2.c4 g6 3.Nc3 Bg7 4.e4 d6 5.Be2 O-O 6.Nf3 e5 7.O-O Nc6 8.d5 Ne7 9.b4
a5 10.b5 b6 11.Ne1 Nd7 12.Bg5 h6 13.Bh4 g5 14.Bg3 f5 15.Qd2 f4 {#r} 1-0

[Event "Ch France (juniors) (under 20)"]
[Site "masterchessopen.com France"]
[Round "7"]
[White "Jeanne Mickael (FRA)"]
[Black "Gelis Dorian (FRA)"]
[Result "0-1"]
[WhiteElo "2146"]
[BlackElo "2172"]

1.c4 Nf6 2.Nc3 g6 3.Nf3 Bg7 4.e4 d6 5.d4 O-O 6.Be2 e5 7.O-O Nc6 8.d5 Ne7 9.b4
a5 10.Ba3 Nh5 11.c5 Nf4 12.Bc4 Bg4 13.h3 Bh5 14.bxa5 f5 15.Kh2 Nxg2 16.Kxg2
fxe4 17.Nxe4 Nf5 18.Be2 Bxf3+ 19.Kxf3 Qh4 20.Kg2 Qxe4+ {#R} 0-1

[Event "Ch France (juniors) (under 20)"]
[Site "masterchessopen.com Nimes (France)"]
[Date "2012.04.20"]
[Round "8"]
[White "Buscara Sevan (FRA)"]
[Black "Velten Paul (FRA)"]
[Result "0-1"]
[WhiteElo "2318"]
[BlackElo "2310"]

1.d4 Nf6 2.Nf3 g6 3.c4 Bg7 4.Nc3 O-O 5.e4 d6 6.Be2 e5 7.O-O Nc6 8.d5 Ne7 9.b4
h6 10.c5 Nh5 11.Nd2 Nf4 12.Bf3 g5 13.Nc4 f5 14.cxd6 cxd6 15.h3 Qc7 16.Qb3 Bd7
17.Ne3 fxe4 18.Bxe4 Qxc3 {#R} 0-1

[Event "Ch France (open) (b)"]
[Site "masterchessopen.com Chartres (France)"]
[Date "2005.08.20"]
[Round "5"]
[White "Bleuzen Cedric (FRA)"]
[Black "Petitjean Pierre (FRA)"]
[Result "0-1"]
[WhiteElo "1992"]
[BlackElo "2013"]

1.d4 g6 2.c4 Bg7 3.e4 d6 4.Nc3 Nf6 5.Nf3 O-O 6.Be2 e5 7.O-O Nc6 8.d5 Ne7 9.b4
Nh5 10.Re1 Nf4 11.Bf1 Bg4 12.h3 Bd7 13.Bxf4 exf4 14.Rc1 h6 15.Nd4 g5 16.Be2
Ng6 17.Nf5 Ne5 18.Nb5 Bxf5 19.exf5 a6 20.Nd4 Qf6 21.Bg4 Nxg4 {#R} 0-1

[Event "Ch France (team) (juniors)"]
[Site "masterchessopen.com France"]
[Round "7"]
[White "Bellaiche Anthony (FRA)"]
[Black "Gregoire Sylvain (FRA)"]
[Result "1-0"]
[WhiteElo "2130"]
[BlackElo "2256"]

1.d4 Nf6 2.c4 g6 3.Nc3 Bg7 4.e4 O-O 5.Nf3 d6 6.Be2 e5 7.O-O Nc6 8.d5 Ne7 9.b4
a5 10.Ba3 b6 11.bxa5 Rxa5 12.Bb4 Ra8 13.a4 Nd7 14.a5 bxa5 15.Bxa5 Ba6 16.Bb4
f5 17.Ng5 Rf6 18.Ne6 Qc8 19.Nb5 c5 20.Nxd6 Qb8 21.Ba5 Rxe6 22.dxe6 Nf8 23.Rb1
{#r} 1-0

[Event "Ch France (team) (juniors) 2003/04"]
[Site "masterchessopen.com France"]
[Date "2004.04.30"]
[Round "8"]
[White "Marmorat Simon"]
[Black "Choisy Mathilde (FRA)"]
[Result "0-1"]
[WhiteElo "1970"]
[BlackElo "2051"]

1.d4 Nf6 2.Nf3 g6 3.c4 Bg7 4.Nc3 O-O 5.e4 d6 6.Be2 e5 7.O-O Nc6 8.d5 Ne7 9.b4
Nh5 10.c5 f5 11.Ng5 Nf4 12.Bc4 Kh8 13.g3 Nh5 14.Ne6 Bxe6 15.dxe6 fxe4 16.cxd6
cxd6 17.Nd5 Rc8 18.Qe2 Nc6 19.Qxe4 Nf6 20.Nxf6 Qxf6 21.Be3 Nd4 22.Bd5 Ne2+
23.Kg2 Nc3 24.Qf3 Qe7 {#R} 0-1

[Event "Ch France (team) (nat.1) 2007/08"]
[Site "masterchessopen.com France"]
[Date "2008.03.15"]
[Round "8"]
[White "Favarel Camille (FRA)"]
[Black "Renault Nicolas (FRA)"]
[Result "1-0"]
[WhiteElo "2093"]
[BlackElo "2009"]

1.d4 Nf6 2.Nf3 g6 3.c4 Bg7 4.Nc3 O-O 5.e4 d6 6.Be2 e5 7.O-O Nc6 8.d5 Ne7 9.b4
Nh5 10.Qb3 Nf4 11.Bxf4 exf4 12.Rad1 Kh8 13.c5 Ng8 14.e5 dxe5 15.d6 Be6 16.Bc4
Re8 17.Nb5 Bxc4 18.Qxc4 e4 19.dxc7 Qe7 20.Rfe1 f5 21.Nd6 Nh6 22.Nxe8 Rxe8
23.Qb5 Rc8 24.Rd7 Qe8 25.Red1 Nf7 26.Ng5 {#r} 1-0

[Event "Ch France (team) 2003 (w)"]
[Site "masterchessopen.com Evry (France)"]
[Round "2"]
[White "Peng Zhaoqin (NED)"]
[Black "Lam Sophie (FRA)"]
[Result "1-0"]
[WhiteElo "2420"]
[BlackElo "2037"]

1.d4 Nf6 2.c4 g6 3.Nc3 Bg7 4.e4 d6 5.Nf3 O-O 6.Be2 e5 7.O-O Nc6 8.d5 Ne7 9.b4
Nh5 10.Re1 h6 11.Nd2 Nf4 12.Bf1 f5 13.g3 Nh5 14.c5 Qe8 15.Nc4 Rf6 16.exf5 Rf8
17.cxd6 cxd6 18.Nxd6 Qd7 19.Nce4 gxf5 20.Nxc8 Nxc8 21.Qxh5 fxe4 22.Bxh6 Nd6
23.Bh3 Qe7 24.Be6+ {#r} 1-0

[Event "Ch Georgia (w)"]
[Site "masterchessopen.com Tbilisi (Georgia)"]
[Round "0"]
[White "Lomineishvili Maia (GEO)"]
[Black "Tsalugelashvili Lile (GEO)"]
[Result "1-0"]
[WhiteElo "2350"]
[BlackElo "2085"]

1.d4 Nf6 2.Nf3 g6 3.c4 Bg7 4.Nc3 O-O 5.e4 d6 6.Be2 e5 7.O-O Nc6 8.d5 Ne7 9.b4
a5 10.Ba3 axb4 11.Bxb4 Nd7 12.a4 Nc5 13.a5 f5 14.Bxc5 dxc5 15.Ng5 Rf6 16.Nb5
h6 17.Ne6 Bxe6 18.dxe6 c6 19.Nc3 Rxe6 20.Qxd8+ Rxd8 21.Rfb1 Rd2 22.Rxb7 Nc8
23.Rb8 Re8 24.a6 {#r} 1-0

[Event "Ch Germany (juniors) (club) (under 20)"]
[Site "masterchessopen.com Arendsee (Germany)"]
[Date "2008.12.28"]
[Round "3"]
[White "Hauser Carlos (GER)"]
[Black "Grossmann Susan (GER)"]
[Result "1-0"]
[WhiteElo "2110"]
[BlackElo "2039"]

1.d4 d6 2.Nf3 Nf6 3.c4 g6 4.Nc3 Bg7 5.e4 O-O 6.Be2 e5 7.O-O Nc6 8.d5 Ne7 9.b4
a5 10.bxa5 c5 11.dxc6 bxc6 12.Rb1 Rxa5 13.Be3 Ra3 14.Bb6 Qd7 15.Qc1 Ra8 16.Rd1
Nh5 17.g3 Bb7 18.Bc5 d5 19.cxd5 cxd5 20.Bb5 Qc7 21.Nxd5 Bxd5 22.exd5 Rfc8
23.d6 Qxc5 24.Qxc5 Rxc5 25.dxe7 {#r} 1-0

[Event "Ch Germany (juniors) (club) (under 20)"]
[Site "masterchessopen.com Leipzig (Germany)"]
[Round "4"]
[White "Lindner Daniel (GER)"]
[Black "Paehtz Thomas Jr (GER)"]
[Result "1-0"]
[WhiteElo "2217"]
[BlackElo "2362"]

1.d4 Nf6 2.Nf3 g6 3.c4 Bg7 4.Nc3 O-O 5.e4 d6 6.Be2 e5 7.O-O Nc6 8.d5 Ne7 9.b4
a5 10.Ba3 axb4 11.Bxb4 Nh5 12.c5 dxc5 13.Bxc5 Bd7 14.Bc4 b6 15.Bb4 Re8 16.Qb3
Nc8 17.d6 Be6 18.dxc7 Qxc7 19.Bxe6 Rxe6 20.Rfd1 Na7 21.Nd5 Qb7 22.Rac1 Nc6
23.Ng5 Ree8 24.Nxf7 Nd4 25.Rxd4 {#r} 1-0

[Event "Ch Germany (juniors) (team)"]
[Site "masterchessopen.com Essen (Germany)"]
[Round "5"]
[White "Schaffer Hendrik (GER)"]
[Black "Haensel Thomas (GER)"]
[Result "0-1"]
[WhiteElo "2191"]
[BlackElo "2317"]

1.d4 Nf6 2.c4 g6 3.Nc3 Bg7 4.e4 d6 5.Nf3 O-O 6.Be2 e5 7.O-O Nc6 8.d5 Ne7 9.b4
Nh5 10.Re1 f5 11.Ng5 Nf4 12.Bxf4 exf4 13.Rc1 Bh6 14.Ne6 Bxe6 15.dxe6 f3
16.Bxf3 Bxc1 17.Qxc1 c6 18.Qd2 Rf6 19.exf5 Nxf5 20.Ne2 Qe7 21.Nf4 Raf8 22.Re4
g5 23.Ne2 b6 24.Bg4 Rxe6 25.Rxe6 Qxe6 26.Ng3 Qe5 {#R} 0-1

[Event "Ch Germany (juniors) (team)"]
[Site "masterchessopen.com Stuttgart (Germany)"]
[Date "2010.11.19"]
[Round "4"]
[White "Grigorian Spartak (GER)"]
[Black "Kuckling Hannah (GER)"]
[Result "1-0"]
[WhiteElo "1835"]
[BlackElo "1610"]

1.d4 Nf6 2.c4 g6 3.Nc3 Bg7 4.e4 d6 5.Nf3 O-O 6.Be2 e5 7.O-O Nc6 8.d5 Ne7 9.b4
c6 10.Nd2 Ne8 11.Nb3 f5 12.f3 Qb6+ 13.c5 Qxb4 14.Bd2 dxc5 15.d6 Nxd6 16.Nd5
Qa4 17.Nxe7+ Kh8 18.Nxc8 Raxc8 19.Bg5 Nc4 20.Nxc5 Qb4 21.Ne6 Rfe8 22.Qd7 Rxe6
23.Qxc8+ Qf8 24.Qxe6 {#r} 1-0

[Event "Ch Germany (juniors) (under 16)"]
[Site "masterchessopen.com Willingen (Germany)"]
[Round "3"]
[White "Friese Henning (GER)"]
[Black "Postojev Alexander (GER)"]
[Result "0-1"]
[WhiteElo "2062"]
[BlackElo "2152"]

1.c4 Nf6 2.Nc3 g6 3.e4 d6 4.d4 Bg7 5.Be2 O-O 6.Nf3 e5 7.O-O Nc6 8.d5 Ne7 9.b4
a5 10.Ba3 Nd7 11.bxa5 Rxa5 12.Bb4 Ra8 13.Nd2 f5 14.Nb3 b6 15.a4 Nf6 16.f3 Bh6
17.a5 Be3+ 18.Kh1 bxa5 19.Rxa5 Rb8 20.Nb5 fxe4 21.Bd2 Nf5 22.fxe4 Nxe4 23.Rxf5
Bxd2 24.Nxd2 Bxf5 25.Qe1 Nxd2 26.Qxd2 Bg4 {#R} 0-1

[Event "Ch Germany (juniors) (under 17)"]
[Site "masterchessopen.com Halle (Germany)"]
[Round "0"]
[White "Kitte Sebastian (GER)"]
[Black "Ullrich Farid-Raoul (GER)"]
[Result "1-0"]
[WhiteElo "2261"]
[BlackElo "2154"]

1.d4 Nf6 2.c4 g6 3.Nc3 Bg7 4.e4 d6 5.Nf3 O-O 6.Be2 e5 7.O-O Nc6 8.d5 Ne7 9.b4
a5 10.Ba3 axb4 11.Bxb4 b6 12.a4 Ne8 13.a5 c5 14.Ba3 bxa5 15.Nd2 f5 16.Ra2 Nf6
17.Bb2 Bh6 18.exf5 gxf5 19.Nb3 Kh8 20.Qa1 Qe8 21.Nb5 Ne4 22.Nxd6 Qg6 23.Bxe5+
Kg8 24.Nxc8 Raxc8 25.f4 {#r} 1-0

[Event "Ch Great Britain"]
[Site "masterchessopen.com Eastbourne (Great Britain)"]
[Round "0"]
[White "Martin Andrew D (ENG)"]
[Black "Britton Richard (ENG)"]
[Result "1-0"]
[WhiteElo "2415"]
[BlackElo "2219"]

1.d4 Nf6 2.c4 g6 3.Nc3 Bg7 4.e4 d6 5.Be2 O-O 6.Nf3 e5 7.O-O Nc6 8.d5 Ne7 9.b4
Nh5 10.Nd2 Nf4 11.a4 f5 12.Bf3 g5 13.exf5 Nxf5 14.g3 Nd4 15.gxf4 Nxf3+ 16.Nxf3
e4 17.Nxg5 Bxc3 18.Ra3 Bg7 19.Rg3 {#r} 1-0

[Event "Ch Great Britain"]
[Site "masterchessopen.com Hove (England)"]
[Round "7"]
[White "Gormally Daniel (ENG)"]
[Black "Sasikiran Krishnan (IND)"]
[Result "0-1"]
[WhiteElo "2425"]
[BlackElo "2430"]

1.d4 Nf6 2.Nf3 g6 3.c4 Bg7 4.Nc3 O-O 5.e4 d6 6.Be2 e5 7.O-O Nc6 8.d5 Ne7 9.b4
Nh5 10.Re1 h6 11.Nd2 Nf4 12.Bf1 g5 13.c5 f5 14.g3 Nfg6 15.Nc4 f4 16.Be2 Rf6
17.Bg4 Bd7 18.a4 Qc8 19.Be2 Bh3 20.Ra2 Qd7 21.Na5 Raf8 22.Nxb7 Nh4 23.Na5 fxg3
24.hxg3 Rf3 {#R} 0-1

[Event "Ch Hungary (KO-system)"]
[Site "masterchessopen.com Budapest (Hungary)"]
[Round "2"]
[White "Szeberenyi Adam (HUN)"]
[Black "Pesztericz Laszlo (HUN)"]
[Result "1-0"]
[WhiteElo "2357"]
[BlackElo "2164"]

1.d4 Nf6 2.c4 g6 3.Nc3 Bg7 4.e4 d6 5.Be2 O-O 6.Nf3 e5 7.O-O Nc6 8.d5 Ne7 9.b4
Nh5 10.Re1 Nf4 11.Bf1 f5 12.Bxf4 fxe4 13.Bxe5 exf3 14.Bxg7 Kxg7 15.g3 Nf5
16.Ne4 Bd7 17.Qxf3 c5 18.bxc5 Rc8 19.Qc3+ Kg8 20.cxd6 Nh6 21.Qe5 Rf7 22.h3 Qf8
23.Ng5 Rf5 24.Qe7 Qxe7 25.Rxe7 {#r} 1-0

[Event "Ch Hungary (team) 1998/99"]
[Site "masterchessopen.com Hungary"]
[Round "0"]
[White "Dumitrache Dragos-Nicolae (ROM)"]
[Black "Bottyan Peter (SVK)"]
[Result "1-0"]
[WhiteElo "2420"]
[BlackElo "2294"]

1.d4 Nf6 2.c4 g6 3.Nc3 Bg7 4.e4 d6 5.Be2 O-O 6.Nf3 e5 7.O-O Nc6 8.d5 Ne7 9.b4
a5 10.Ba3 Nd7 11.bxa5 Rxa5 12.Bb4 Ra8 13.a4 f5 14.Nd2 Nc5 15.Bxc5 dxc5 16.Nb3
b6 17.a5 fxe4 18.Nxe4 Nf5 19.d6 Bb7 20.dxc7 Qxd1 21.Rfxd1 Bxe4 22.axb6 Nd4
23.Rxa8 Rxa8 24.Nxd4 exd4 25.Bf3 {#r} 1-0

[Event "Ch Hungary (team) 1999/00 (2 liga)"]
[Site "masterchessopen.com Hungary"]
[Round "11"]
[White "Csiszar Zoltan (HUN)"]
[Black "Kiss Gedeon (HUN)"]
[Result "0-1"]
[WhiteElo "2217"]
[BlackElo "2308"]

1.d4 Nf6 2.c4 g6 3.Nc3 Bg7 4.e4 d6 5.Nf3 O-O 6.Be2 e5 7.O-O Nc6 8.d5 Ne7 9.b4
Nh5 10.g3 f5 11.Ng5 Nf6 12.f3 a5 13.bxa5 c6 14.Be3 Qxa5 15.Qb3 Bh6 16.h4 c5
17.f4 Nxe4 18.Ncxe4 fxe4 19.fxe5 Rxf1+ 20.Bxf1 Nf5 21.Bh3 Bxg5 22.hxg5 Nxe3
{#R} 0-1

[Event "Ch Iraq"]
[Site "masterchessopen.com Sulaimaniyah (Iraq)"]
[Date "2012.03.20"]
[Round "5"]
[White "Abaeji Sinan Younus Abdulra"]
[Black "Salih A (QAT)"]
[Result "1-0"]
[WhiteElo "2240"]
[BlackElo "2250"]

1.d4 Nf6 2.c4 g6 3.Nc3 Bg7 4.e4 d6 5.Nf3 O-O 6.Be2 e5 7.O-O Nc6 8.d5 Ne7 9.b4
Nh5 10.Re1 f5 11.Ng5 Nf6 12.f3 c6 13.dxc6 bxc6 14.Qb3 h6 15.Nh3 Be6 16.Be3
fxe4 17.fxe4 Ng4 18.Bd2 Kh7 19.Rad1 Ng8 20.b5 Rb8 21.Qa3 c5 22.Bc1 Qh4 23.Rf1
N8f6 24.Rxd6 {#r} 1-0

[Event "Ch Israel"]
[Site "masterchessopen.com Jerusalem (Israel)"]
[Round "1"]
[White "Greenfeld Alon (ISR)"]
[Black "Birnboim Nathan (ISR)"]
[Result "1-0"]
[WhiteElo "2555"]
[BlackElo "2385"]

1.Nf3 Nf6 2.c4 g6 3.Nc3 Bg7 4.d4 O-O 5.e4 d6 6.Be2 e5 7.O-O Nc6 8.d5 Ne7 9.b4
c6 10.Ba3 cxd5 11.cxd5 a6 12.b5 axb5 13.Qb3 Qb6 14.Bxb5 Rd8 15.Nxe5 Nh5 16.Nc4
Qd4 17.Rac1 Nf4 18.Bxd6 Rxd6 19.Nxd6 Bg4 20.Kh1 Qe5 21.f3 Bh3 22.gxh3 Qxd6
23.a4 Qe5 24.Ne2 Nxh3 25.d6 Qxd6 {#r} 1-0